| 000 | 00552nam a2200193Ia 4500 | ||
|---|---|---|---|
| 003 | GCL | ||
| 008 | 140319s9999 xx 000 0 ara d | ||
| 040 |
_aGCL / _cGCL |
||
| 082 | 0 | 4 |
_a920.7 _bم ا |
| 100 | 1 | _aمحمود فوزى الوكيل | |
| 245 | 1 | 0 |
_aانى عائد اليك حبيبتى / _cمحمود فوزى الوكيل |
| 300 | _a125 | ||
| 490 |
_aكتاب _v0 |
||
| 650 | 0 | 4 | _aالمذكرات |
| 650 | 0 | 4 | _aالشخصية |
| 650 | 0 | 4 | _aالتراجم الذاتية |
| 650 | 0 | 4 | _aمحمود فوزى الوكيل |
| 942 |
_2ddc _cBK |
||
| 999 |
_c41840 _d41840 |
||